000 01032cab a2200277 4500
001 ABS56370
008 090401t1996 xxu||||| |||| 00| 0 eng d
035 _a(Sirsi) u23159
041 _aeng
245 _aDickinson v Enfield LBC
260 _c1996
350 _a0
490 _aEstates Gazette
_v(1996) 49 EG 108-111(4)
520 _a`Dickinson v Enfield LBC` CA 30 July 1996. Held that the right of a secure tenant to buy the freehold of a property, under the Housing Act 1985, should not be taken into account in determining a reasonable rent on review. Also improvements carried out by the tenant should be disregarded.
650 _aDICKINSON V ENFIELD LBC
650 _aDISREGARDS
650 _aHOUSING ACT 1985
650 _aLANDLORD AND TENANT
_96252
650 _aRENT REVIEW
650 _aRIGHT TO BUY
650 _aSECURE TENANCY
650 _aTENANT IMPROVEMENTS
690 _aPROPERTY-RESIDENTIAL PROPERTY-RESIDENTIAL LANDLORD AND TENANT-RESIDENTIAL TENANCIES
942 _n0
948 _c04/03/1997
999 _c15506
_d15506